000 00606nam a2200205Ia 4500
003 OSt
005 20260108144315.0
008 221208s2022 xx 000 0 und
040 _c0
100 _aPrakash, Shubham
245 0 _aWasteland management in India /
_cShubham Prakash
260 _aBangalore :
_bNLSIU,
_c2022.
300 _a68 p. :
_c24 cm.
650 _aEcosystem restoration
650 _aWasteland management - India
650 _aWasteland policies - India
700 _aDr. Sneha Thapliyal - Supervisor
856 _uhttps://dans.nls.ac.in/handle/123456789/1119
942 _cDIS
_2ddc
999 _c211622
_d211622